Normal view
MARC view
- Lucia Bailetti
Entry Personal Name
001 - CONTROL NUMBER
- control field: 66132
003 - CONTROL NUMBER IDENTIFIER
- control field: JO-AjAnu
005 - DATE AND TIME OF LATEST TRANSACTION
- control field: 20240807121355.0
008 - FIXED-LENGTH DATA ELEMENTS
- fixed length control field: 240807|| aca||aabn | a|a d
040 ## - CATALOGING SOURCE
- Original cataloging agency: JO-AjAnu
100 ## - HEADING--PERSONAL NAME
- Personal name: Lucia Bailetti
- Relator term: Joint Editor